[Event "Bad Wiessee Senioren Cup 8th"]
[Site "Bad Wiessee"]
[Date "2019.05.11"]
[Round "1"]
[White "Santl, Anton"]
[Black "Wawrinsky, Ludwig"]
[Result "1-0"]
[WhiteElo "1952"]
[BlackElo "1676"]
[PlyCount "69"]
[EventDate "2019.05.11"]
[EventType "swiss"]
[EventRounds "9"]
[EventCountry "GER"]
[SourceTitle "EXT 2020"]
[Source "ChessBase"]
[SourceDate "2019.10.17"]
[SourceVersion "1"]
[SourceVersionDate "2019.10.17"]
[SourceQuality "1"]

1. c4 Nf6 2. g3 g6 3. Bg2 Bg7 4. d4 0-0 5. Nc3 e6 6. e4 d6 7. Nf3 Nc6 8. 0-0 Rb8 9. Rb1 a6 10. h3 h6 11. Be3 Na5 12. Qd3 Nc6 13. Qd2 Kh7 14. Nh2 e5 15. d5 Ne7 16. b4 Bd7 17. g4 g5 18. Rfc1 Ng6 19. Nf1 Nf4 20. Ng3 Nxg2 21. Kxg2 Qe8 22. c5 Rg8 23. Qc2 Kh8 24. f3 Kh7 25. Rh1 Rh8 26. h4 gxh4 27. Rxh4 Kg8 28. Rbh1 Qe7 29. Qd2 dxc5 30. bxc5 Rd8 31. Bxh6 Bxh6 32. Rxh6 Nh7 33. d6 cxd6 34. Nd5 Qf8 35. Nf6+ 1-0

[Event "Bad Woerishofen op 34th"]
[Site "Bad Woerishofen"]
[Date "2018.02.24"]
[Round "3"]
[White "Santl, Anton"]
[Black "Bangert, Ruediger"]
[Result "1-0"]
[WhiteElo "1891"]
[BlackElo "1563"]
[PlyCount "55"]
[EventDate "2018.02.23"]
[EventType "swiss"]
[EventRounds "9"]
[EventCountry "GER"]
[SourceTitle "CBM 183 Extra"]
[Source "ChessBase"]
[SourceDate "2018.04.19"]
[SourceVersion "1"]
[SourceVersionDate "2018.04.19"]
[SourceQuality "1"]

1. Nf3 b6 2. g3 Bb7 3. Bg2 Nc6 4. d4 e6 5. 0-0 Nf6 6. c4 Bd6 7. Nc3 0-0 8. e4 Ne8 9. a3 f6 10. b4 a6 11. c5 bxc5 12. bxc5 Be7 13. Be3 Na5 14. Qa4 c6 15. Rab1 Qc7 16. Rb6 d6 17. Qxa5 dxc5 18. dxc5 Rb8 19. Rfb1 Qc8 20. Qb4 a5 21. Qb3 a4 22. Nxa4 Nc7 23. Rxb7 Ra8 24. Bf4 Nb5 25. Rxe7 Rxa4 26. Qxa4 Nc3 27. Qa7 Ne2+ 28. Kf1 1-0

[Event "Bayern-chI Bank Hofmann 20th"]
[Site "Bad Wiessee"]
[Date "2016.10.29"]
[Round "1"]
[White "Santl, Anton"]
[Black "Gutman, Lev"]
[Result "0-1"]
[WhiteElo "1932"]
[BlackElo "2451"]
[PlyCount "54"]
[EventDate "2016.10.29"]
[EventType "swiss"]
[EventRounds "9"]
[EventCountry "GER"]
[SourceTitle "CBM 175 Extra"]
[Source "ChessBase"]
[SourceDate "2016.12.12"]
[SourceVersion "1"]
[SourceVersionDate "2016.12.12"]
[SourceQuality "1"]

1. d4 Nf6 2. c4 g6 3. Nc3 d5 4. Qb3 dxc4 5. Qxc4 Bg7 6. e4 0-0 7. Nf3 Na6 8. Bf4 c5 9. d5 e6 10. 0-0-0 exd5 11. exd5 Re8 12. a3 Bd7 13. Bd3 Qa5 14. Rhe1 Ng4 15. Bg3 Nb4 16. axb4 cxb4 17. Qa2 Qc5 18. Qc4 Qxc4 19. Bxc4 bxc3 20. Rxe8+ Rxe8 21. bxc3 Rc8 22. Be2 Bxc3 23. Kb1 Nf6 24. Ne5 Bf5+ 25. Bd3 Ne4 26. Bxe4 Bxe4+ 27. Ka2 Rc5 0-1

[Event "Arber op 2nd"]
[Site "Bayerisch Eisenstein"]
[Date "2013.07.07"]
[Round "9"]
[White "Schelle, Artur"]
[Black "Santl, Anton"]
[Result "1-0"]
[WhiteElo "2217"]
[BlackElo "2069"]
[PlyCount "53"]
[EventDate "2013.06.29"]
[EventType "swiss"]
[EventRounds "9"]
[EventCountry "GER"]
[SourceTitle "CBM 155 Extra"]
[Source "ChessBase"]
[SourceDate "2013.08.26"]
[SourceVersion "1"]
[SourceVersionDate "2013.08.26"]
[SourceQuality "1"]

1. e4 c5 2. Nf3 Nc6 3. Bb5 Na5 4. c3 a6 5. Be2 Nf6 6. e5 Nd5 7. d4 cxd4 8. cxd4 d6 9. 0-0 e6 10. Nc3 Nxc3 11. bxc3 d5 12. Bd3 Be7 13. Bc2 Bd7 14. a4 Rc8 15. Bd2 h6 16. Ne1 Nc4 17. f4 Qc7 18. Rf3 g6 19. Bc1 h5 20. Rh3 Rf8 21. Rb1 b5 22. axb5 Bxb5 23. Nf3 Qa5 24. Ng5 Bxg5 25. fxg5 Qc7 26. Rf3 Kd7 27. Qd3 1-0

[Event "Arber op 2nd"]
[Site "Bayerisch Eisenstein"]
[Date "2013.07.02"]
[Round "4"]
[White "Santl, Anton"]
[Black "Medunova, Vera"]
[Result "1/2-1/2"]
[WhiteElo "2069"]
[BlackElo "2133"]
[PlyCount "50"]
[EventDate "2013.06.29"]
[EventType "swiss"]
[EventRounds "9"]
[EventCountry "GER"]
[SourceTitle "CBM 155 Extra"]
[Source "ChessBase"]
[SourceDate "2013.08.26"]
[SourceVersion "1"]
[SourceVersionDate "2013.08.26"]
[SourceQuality "1"]

1. Nf3 d5 2. c4 c6 3. e3 Nf6 4. d4 e6 5. Bd3 Be7 6. 0-0 0-0 7. Nc3 Nbd7 8. e4 dxe4 9. Nxe4 Nxe4 10. Bxe4 Nf6 11. Bc2 c5 12. Bg5 cxd4 13. Qd3 g6 14. Rfd1 Ng4 15. Bxe7 Qxe7 16. h3 Nf6 17. Qxd4 b6 18. Qd6 Qxd6 19. Rxd6 Bb7 20. Ne5 Rfc8 21. Ng4 Rc7 22. Rad1 Ne4 23. Rd7 Rac8 24. b3 Nc5 25. Rxc7 Rxc7 1/2-1/2

[Event "Arber op 2nd"]
[Site "Bayerisch Eisenstein"]
[Date "2013.07.01"]
[Round "3"]
[White "Kuba, Stanislav"]
[Black "Santl, Anton"]
[Result "1-0"]
[WhiteElo "2211"]
[BlackElo "2069"]
[PlyCount "85"]
[EventDate "2013.06.29"]
[EventType "swiss"]
[EventRounds "9"]
[EventCountry "GER"]
[SourceTitle "CBM 155 Extra"]
[Source "ChessBase"]
[SourceDate "2013.08.26"]
[SourceVersion "1"]
[SourceVersionDate "2013.08.26"]
[SourceQuality "1"]

1. g3 d5 2. Bg2 e5 3. d3 Bd6 4. Nf3 Ne7 5. 0-0 0-0 6. c4 c6 7. Nc3 Na6 8. a3 f6 9. b4 Be6 10. c5 Bc7 11. d4 e4 12. Ne1 Qd7 13. f4 exf3 14. Nxf3 Bh3 15. Qb3 Bxg2 16. Kxg2 Kh8 17. b5 cxb5 18. Nxb5 Bb8 19. Rb1 Nc7 20. Nd6 b6 21. Ne5 Qe6 22. Nd3 Ne8 23. Nf4 Qd7 24. Nb5 Nc7 25. a4 Nc6 26. Rd1 Na5 27. Qf3 Rd8 28. Nc3 Qc6 29. Be3 bxc5 30. dxc5 Nc4 31. Bd4 a6 32. Nh5 Ba7 33. Nxf6 Ne6 34. Qh5 Nf4+ 35. gxf4 gxf6 36. Qf5 Rg8+ 37. Kf2 Raf8 38. Qxd5 Qe8 39. Qxc4 Qh5 40. Ke3 Qxh2 41. Rf1 Rg6 42. Rf2 Qh4 43. Ne4 1-0

[Event "Arber op 1st"]
[Site "Bayerisch Eisenstein"]
[Date "2012.08.23"]
[Round "6"]
[White "Medunova, Vera"]
[Black "Santl, Anton"]
[Result "1/2-1/2"]
[WhiteElo "2194"]
[BlackElo "2025"]
[PlyCount "61"]
[EventDate "2012.08.18"]
[EventType "swiss"]
[EventRounds "9"]
[EventCountry "GER"]
[SourceTitle "CBM 150 Extra"]
[Source "ChessBase"]
[SourceDate "2012.10.19"]
[SourceVersion "1"]
[SourceVersionDate "2012.10.19"]
[SourceQuality "1"]

1. e4 c5 2. Nf3 Nc6 3. d4 cxd4 4. Nxd4 Nf6 5. Nc3 d6 6. Bg5 e6 7. Bb5 Bd7 8. Bxc6 Bxc6 9. Nxc6 bxc6 10. Qf3 Be7 11. e5 Nd5 12. Bxe7 Qxe7 13. exd6 Qxd6 14. 0-0 0-0 15. Ne4 Qf4 16. Qxf4 Nxf4 17. Rfd1 Rfd8 18. Kf1 Kf8 19. g3 Nd5 20. Rd4 Ke7 21. Nc5 Nb6 22. Rxd8 Rxd8 23. Ke2 Rd5 24. Nd3 c5 25. c4 Rh5 26. h4 Nxc4 27. Rc1 Nb6 28. Rxc5 Rxc5 29. Nxc5 e5 30. Kd3 f5 31. b4 1/2-1/2

[Event "Bad Woerishofen op 28th"]
[Site "Bad Woerishofen"]
[Date "2012.03.10"]
[Round "9"]
[White "Keller, Manfred"]
[Black "Santl, Anton"]
[Result "1/2-1/2"]
[WhiteElo "2180"]
[BlackElo "2075"]
[PlyCount "47"]
[EventDate "2012.03.02"]
[EventType "swiss"]
[EventRounds "9"]
[EventCountry "GER"]
[SourceTitle "EXT 2019"]
[Source "ChessBase"]
[SourceDate "2018.10.10"]
[SourceVersion "1"]
[SourceVersionDate "2018.10.10"]
[SourceQuality "1"]

1. d4 Nf6 2. Nf3 g6 3. Nc3 Bg7 4. e4 d5 5. e5 Ne4 6. Nxe4 dxe4 7. Ng5 c5 8. c3 cxd4 9. Qxd4 Nc6 10. Qxd8+ Nxd8 11. Bb5+ Nc6 12. Nxe4 Bd7 13. Nc5 Nxe5 14. Bxd7+ Nxd7 15. Nxb7 a5 16. Be3 Rb8 17. Nxa5 Rxb2 18. Bd4 Bxd4 19. cxd4 0-0 20. 0-0 Rc8 21. a4 Nb6 22. Rfc1 Rxc1+ 23. Rxc1 Nxa4 24. Nc6 1/2-1/2

[Event "Bad Woerishofen op 28th"]
[Site "Bad Woerishofen"]
[Date "2012.03.04"]
[Round "3"]
[White "Reichenbacher, Gerhard"]
[Black "Santl, Anton"]
[Result "0-1"]
[WhiteElo "1846"]
[BlackElo "2075"]
[PlyCount "48"]
[EventDate "2012.03.02"]
[EventType "swiss"]
[EventRounds "9"]
[EventCountry "GER"]
[SourceTitle "EXT 2019"]
[Source "ChessBase"]
[SourceDate "2018.10.10"]
[SourceVersion "1"]
[SourceVersionDate "2018.10.10"]
[SourceQuality "1"]

1. c4 e5 2. g3 Nf6 3. Bg2 d5 4. cxd5 Nxd5 5. Nc3 Nb6 6. Nf3 Nc6 7. d3 Be7 8. 0-0 0-0 9. Be3 Be6 10. a3 f6 11. b4 a5 12. b5 Nd4 13. Nd2 Re8 14. Bxd4 Qxd4 15. Qc2 Qd7 16. Rfd1 Bd6 17. Nce4 Qxb5 18. a4 Qd7 19. Nc4 Bb4 20. Rab1 Qxa4 21. Rb3 Nxc4 22. dxc4 b5 23. Nc3 Bxc3 24. Qxc3 bxc4 0-1

[Event "Bad Woerishofen op 28th"]
[Site "Bad Woerishofen"]
[Date "2012.03.02"]
[Round "1"]
[White "Bangert, Ruediger"]
[Black "Santl, Anton"]
[Result "0-1"]
[WhiteElo "1685"]
[BlackElo "2075"]
[PlyCount "46"]
[EventDate "2012.03.02"]
[EventType "swiss"]
[EventRounds "9"]
[EventCountry "GER"]
[SourceTitle "EXT 2019"]
[Source "ChessBase"]
[SourceDate "2018.10.10"]
[SourceVersion "1"]
[SourceVersionDate "2018.10.10"]
[SourceQuality "1"]

1. c4 e5 2. Nc3 Nf6 3. Nf3 Nc6 4. d4 exd4 5. Nxd4 Bc5 6. e3 0-0 7. Nxc6 bxc6 8. Be2 d5 9. 0-0 Be6 10. Bf3 Qd7 11. Na4 Bd6 12. c5 Be5 13. Qe2 a5 14. Rd1 Qe7 15. Bd2 Rab8 16. e4 dxe4 17. Bxe4 Nxe4 18. Qxe4 Bd5 19. Qg4 Qf6 20. Bg5 Qg6 21. f3 Rb4 22. Bf4 Qxg4 23. fxg4 Bxf4 0-1

[Event "Munich op"]
[Site "Munich"]
[Date "2010.09.28"]
[Round "4"]
[White "Santl, Anton"]
[Black "Shirazi, Kamran"]
[Result "0-1"]
[WhiteElo "2131"]
[BlackElo "2428"]
[PlyCount "38"]
[EventDate "2010.09.25"]
[EventType "swiss"]
[EventRounds "9"]
[EventCountry "GER"]
[SourceTitle "CBM 138 Extra"]
[Source "ChessBase"]
[SourceDate "2010.10.29"]
[SourceVersion "1"]
[SourceVersionDate "2010.10.29"]
[SourceQuality "1"]

1. Nf3 d5 2. c4 d4 3. g3 c5 4. Bg2 Nc6 5. 0-0 e5 6. d3 h6 7. Na3 Bd6 8. Nc2 a5 9. e3 Nf6 10. exd4 exd4 11. Re1+ Be6 12. Nh4 0-0 13. Ng6 Bg4 14. f3 Bxf3 15. Bxf3 fxg6 16. b3 Qc7 17. Bd2 Bxg3 18. hxg3 Qxg3+ 19. Kh1 Ng4 0-1

[Event "Munich OIS op"]
[Site "Munich"]
[Date "2008.10.12"]
[Round "2"]
[White "Santl, Anton"]
[Black "Lammers, Markus"]
[Result "0-1"]
[WhiteElo "2131"]
[BlackElo "2355"]
[PlyCount "86"]
[EventDate "2008.10.11"]
[EventType "swiss"]
[EventRounds "9"]
[EventCountry "GER"]
[SourceTitle "CBM 126 Extra"]
[Source "ChessBase"]
[SourceDate "2008.11.05"]
[SourceVersion "1"]
[SourceVersionDate "2008.11.05"]
[SourceQuality "1"]

1. Nf3 Nf6 2. c4 c5 3. g3 Nc6 4. Bg2 d5 5. cxd5 Nxd5 6. Nc3 Nc7 7. d3 e5 8. 0-0 Be7 9. Nd2 Bd7 10. f4 exf4 11. gxf4 0-0 12. Nf3 b6 13. e4 f5 14. Be3 Rc8 15. Qe2 Ne6 16. Nd5 Bd6 17. e5 Bb8 18. Rac1 Be8 19. Nd2 Ncd4 20. Qf2 Bc6 21. Nc3 Qd7 22. Bxc6 Nxc6 23. Nf3 Nb4 24. Ne1 Rfd8 25. Rd1 Rc6 26. a3 Nd5 27. Nxd5 Qxd5 28. Qg2 Qd7 29. Kh1 Rc7 30. Nf3 Qc6 31. d4 Rcd7 32. Qc2 g6 33. Kg1 Kg7 34. Qc3 Qb5 35. Qd3 Qc6 36. Qc2 Qe4 37. Qb3 c4 38. Qc3 b5 39. Rd2 Rd5 40. Ne1 Nxd4 41. Bxd4 Rxd4 42. e6 Bxf4 43. Rxf4 Qxe1+ 0-1

[Event "Bad Woerishofen op 24th"]
[Site "Bad Woerishofen"]
[Date "2008.02.28"]
[Round "1"]
[White "Santl, Anton"]
[Black "Dahmen, Juergen"]
[Result "1/2-1/2"]
[WhiteElo "2031"]
[BlackElo "1581"]
[PlyCount "54"]
[EventDate "2008.02.28"]
[EventType "swiss"]
[EventRounds "9"]
[EventCountry "GER"]
[SourceTitle "EXT 2022"]
[Source "ChessBase"]
[SourceDate "2021.10.06"]
[SourceVersion "1"]
[SourceVersionDate "2021.10.06"]
[SourceQuality "1"]

1. Nf3 c5 2. c4 b6 3. g3 Bb7 4. Bg2 a6 5. Nc3 e6 6. 0-0 Qc7 7. b3 Nf6 8. Bb2 Be7 9. Rc1 0-0 10. d4 cxd4 11. Qxd4 Nc6 12. Qd3 Rfd8 13. e4 Nb4 14. Qe2 Rac8 15. h3 d6 16. g4 Qb8 17. Nd4 Nc6 18. Nc2 Nd7 19. Na4 Qa7 20. Rfd1 Nc5 21. Nc3 Ne5 22. f4 Ng6 23. Qe3 h6 24. Nd4 Nd7 25. Kh2 Qb8 26. Nf3 d5 27. exd5 Nxf4 1/2-1/2

[Event "Bayern-chI Bank Hofmann 11th"]
[Site "Bad Wiessee"]
[Date "2007.11.11"]
[Round "2"]
[White "Morawietz, Dieter"]
[Black "Santl, Anton"]
[Result "1-0"]
[WhiteElo "2413"]
[BlackElo "2127"]
[PlyCount "47"]
[EventDate "2007.11.10"]
[EventType "swiss"]
[EventRounds "9"]
[EventCountry "GER"]
[SourceTitle "CBM 121 Extra"]
[Source "ChessBase"]
[SourceDate "2008.01.10"]
[SourceVersion "1"]
[SourceVersionDate "2008.01.10"]
[SourceQuality "1"]

1. e4 c5 2. Nf3 Nc6 3. d4 cxd4 4. Nxd4 Nf6 5. Nc3 d6 6. Bg5 e6 7. Qd2 Be7 8. 0-0-0 0-0 9. f4 Nxd4 10. Qxd4 Qa5 11. Bc4 Bd7 12. e5 dxe5 13. fxe5 Bc6 14. Bd2 Nd7 15. Nd5 Qc5 16. Nxe7+ Qxe7 17. Rhe1 Rfd8 18. Qg4 Nf8 19. Bd3 Rd7 20. Bg5 Qe8 21. h4 Kh8 22. h5 Rad8 23. h6 Ng6 24. hxg7+ 1-0

[Event "Bad Woerishofen op 23th"]
[Site "Bad Woerishofen"]
[Date "2007.03.09"]
[Round "2"]
[White "Rolle, Eric"]
[Black "Santl, Anton"]
[Result "1-0"]
[WhiteElo "2202"]
[BlackElo "2103"]
[PlyCount "47"]
[EventDate "2007.03.08"]
[EventType "swiss"]
[EventRounds "9"]
[EventCountry "GER"]
[SourceTitle "EXT 2008"]
[Source "ChessBase"]
[SourceDate "2007.11.25"]
[SourceVersion "1"]
[SourceVersionDate "2007.11.25"]
[SourceQuality "1"]

1. e4 c5 2. Nf3 d6 3. d4 cxd4 4. Nxd4 Nf6 5. Nc3 a6 6. Be3 Ng4 7. Bc1 Nf6 8. f3 e5 9. Nb3 Be6 10. Be3 h5 11. Qd2 Be7 12. 0-0-0 Nbd7 13. Qf2 b5 14. Kb1 Qc7 15. Rg1 b4 16. Nd5 Bxd5 17. exd5 0-0 18. g4 hxg4 19. fxg4 Rfc8 20. g5 Ne4 21. Qg2 Nec5 22. g6 f6 23. Nxc5 dxc5 24. d6 1-0

[Event "Boeblingen op 23rd"]
[Site "Boeblingen"]
[Date "2006.12.30"]
[Round "9"]
[White "Hammes, Michael"]
[Black "Santl, Anton"]
[Result "1-0"]
[WhiteElo "2361"]
[BlackElo "2095"]
[PlyCount "83"]
[EventDate "2006.12.26"]
[EventType "swiss"]
[EventRounds "9"]
[EventCountry "GER"]
[SourceTitle "CBM 116 Extra"]
[Source "ChessBase"]
[SourceDate "2007.03.07"]
[SourceVersion "1"]
[SourceVersionDate "2007.03.07"]
[SourceQuality "1"]

1. d4 Nf6 2. c4 g6 3. Nc3 Bg7 4. e4 d6 5. Be2 0-0 6. Nf3 e5 7. 0-0 Nc6 8. d5 Ne7 9. Nd2 a5 10. a3 Nd7 11. Rb1 Kh8 12. Qc2 Ng8 13. b4 f5 14. f3 b6 15. Nb5 Ngf6 16. Bd3 f4 17. Be2 Rg8 18. c5 bxc5 19. bxc5 dxc5 20. a4 Bf8 21. Nc4 Ne8 22. Bd2 Qf6 23. Nxa5 h5 24. Nc6 Kh7 25. Nba7 Bd6 26. Nxc8 Rxc8 27. Ba6 Rd8 28. Nxd8 Qxd8 29. Bb5 g5 30. Be1 g4 31. Kh1 Nf8 32. Bxe8 Qxe8 33. a5 Ng6 34. a6 Qa8 35. Ra1 Rb8 36. Qa4 Qa7 37. Qd7+ Kh6 38. fxg4 Rb6 39. gxh5 Kxh5 40. Ra3 Kg5 41. Rh3 Ne7 42. Bh4+ 1-0